LEADER 01152nam a2200289 i 4500 001 000000222435 003 CaOOAMICUS 005 20130913000000.0 008 130913s2010 it u000 u ita u 013 $a201332 020 $a978-88-8212-762-6 040 $aSeMil$bita 245 13$aLa basilica di San Gaudenzio a Novara /$ca cura di Raul Capra. 260 $aNovara :$bInterlinea,$c2010. 300 $a411 p. :$bill. ;$c31 cm. 490 0 $aEdizioni illustrate d'arte 500 $aFondo card. C. M. Martini. 650 4$aNovara - Chiese - Basilica di San Gaudenzio.$0(OLS)http://semarc/subject/40785 700 1 $aCapra, Raul.$0(OLS)http://semarc/name/77718 830 0$aEdizioni illustrate d'arte.$0(OLS)http://semarc/title/17016 850 $aSeMil 852 $aSeMil$W1$xVenegono$y1$m5F X 24$j172781$B172781$CSeMilBibl$Z2$F185699 $81 941 1 $a4 961 $aLascito: Martini Card. Carlo Maria 996 $6020$a978-88-8212-762-6$9(OLS)http://semarc/number/222021 996 $6245$aLa basilica di San Gaudenzio a Novara$9(OLS)http://semarc/title/318818 996 $6260$aNovara :$bInterlinea$9(OLS)http://semarc/publisher/31908 LEADER 01464nam a2200301 i 4500 001 000000188106 003 CaOOAMICUS 005 20250331100623.0 008 100401s2010 it u000 u ita u 020 $a978-88-7962-161-8 040 $aSeMil$bita 100 1 $aPellegrini, Michele,$d<1971- >.$0(OLS)http://semarc/name/53578 245 13$aL'«ordo maior» della Chiesa di Milano :$b(1166-1230) /$cMichele Pellegrini. 264 1$aMilano :$bEdizioni Biblioteca Francescana,$c2010. 300 $aXVIII, 339 p. ;$c23 cm. 490 1 $aStudi di storia del cristianesimo e delle chiese cristiane ;$v14 650 4$aMilano (Arcidiocesi) - Vescovi - Storia.$0(OLS)http://semarc/subject/11926 650 4$aMilano (Arcidiocesi) - Storia.$0(OLS)http://semarc/subject/1013 650 4$aMilano (Arcidiocesi) - Clero - 1166-1230.$0(OLS)http://semarc/subject/35407 830 0$aStudi di storia del cristianesimo e delle chiese cristiane ;$v14.$0(OLS)http://semarc/title/5747 850 $aSeMil 852 $aSeMil$W1$xVenegono$y1$m3TA N 14$j255552$B138780$CSeMilBibl$Z2$F150318 $81 941 1 $a5 961 $aOmaggio: Tettamanzi Card. Dionigi 996 $6020$a978-88-7962-161-8$9(OLS)http://semarc/number/178598 996 $6245$aL'«ordo maior» della Chiesa di Milano :$b(1166-1230)$9(OLS)http://semarc/title/270639 996 $6264$aMilano :$bEdizioni Biblioteca Francescana$9(OLS)http://semarc/publisher/29947